[Event "Olexuv memorial 2018"]
[Site "?"]
[Date "2018.12.30"]
[Round "6.2"]
[White "Pribyl, Rene"]
[Black "Snorek, Milan"]
[Result "1-0"]
[WhiteElo "1986"]
[BlackElo "1980"]
[PlyCount "122"]
[EventDate "2018.??.??"]
[SourceDate "2018.12.30"]

1. d4 d5 2. c4 c6 3. Nc3 Nf6 4. cxd5 cxd5 5. Bf4 Nc6 6. e3 a6 7. Bd3 g6 8. h3
Qb6 9. Qd2 Bg7 10. Nf3 O-O 11. O-O Bf5 12. Bxf5 gxf5 13. Ne5 e6 14. f3 Nxe5 15.
Bxe5 Qb4 16. g4 fxg4 17. hxg4 Ne8 18. Bxg7 Nxg7 19. Ne4 Qxd2 20. Nxd2 f5 21.
Rac1 Rac8 22. Kg2 h5 23. g5 f4 24. e4 Kf7 25. Kf2 Kg6 26. Ke2 h4 27. Rxc8 Rxc8
28. Rg1 Rh8 29. Nf1 Nh5 30. Rg4 h3 31. Nh2 Rc8 32. Kd2 Rc4 33. Kd3 Rc1 34. Rh4
Rd1+ 35. Kc3 b5 36. Rxh3 Kxg5 37. exd5 exd5 38. Ng4 Ng3 39. Ne5 Ne2+ 40. Kb4
Rxd4+ 41. Kc5 Rd2 42. b4 d4 43. a3 Nc3 44. Rh8 Na4+ 45. Kd5 Nb6+ 46. Ke4 Nc4
47. Rg8+ Kf6 48. Rg6+ Ke7 49. Kxf4 Re2 50. Nc6+ Kf7 51. Rg1 d3 52. Nd4 Re8 53.
Rd1 d2 54. Nc2 Re2 55. Rh1 Rh2 56. Ra1 d1=Q 57. Rxd1 Rxc2 58. Rd7+ Ke8 59. Ra7
Nxa3 60. Rxa6 Rc3 61. Ke4 Kd7 1-0

[Event "Olexuv memorial 2018"]
[Site "?"]
[Date "2018.12.30"]
[Round "6.3"]
[White "Krejci, Petr"]
[Black "Borovicka, Bohumil"]
[Result "1/2-1/2"]
[WhiteElo "1983"]
[BlackElo "1909"]
[PlyCount "105"]
[EventDate "2018.??.??"]

1. Nf3 d6 2. d4 Bg4 3. e3 Nf6 4. h3 Bh5 5. c4 Nbd7 6. Be2 e5 7. Nc3 c6 8. b3 e4
9. Nd2 Bxe2 10. Nxe2 d5 11. O-O Bd6 12. a4 Qe7 13. c5 Bc7 14. b4 O-O 15. b5 Ne8
16. a5 a6 17. b6 Bd8 18. Qb3 f5 19. f4 h5 20. g3 Nef6 21. Rf2 Qe6 22. Rg2 Be7
23. Nf1 Kf7 24. Bd2 Rh8 25. Be1 Rag8 26. Nh2 g6 27. Bf2 Rg7 28. Rf1 Ke8 29. Qd1
Kd8 30. Nc3 Rgh7 31. Qe2 Ke8 32. Na2 Kd8 33. Nb4 Nb8 34. Be1 Kc8 35. Kf2 Nfd7
36. Rfg1 Nf6 37. Kf1 Nfd7 38. Bf2 Nf6 39. Ke1 Nfd7 40. Kd1 Qf6 41. Nc2 Qf8 42.
Be1 Qf7 43. g4 Nf8 44. Bc3 Qf6 45. Ba1 Nbd7 46. Kc1 Qe6 47. Bb2 Nb8 48. Kb1 Bf6
49. Nb4 Rf7 50. Na2 Rfh7 51. Nc3 Nbd7 52. Nd1 Nb8 53. Nf1 1/2-1/2

[Event "Olexuv memorial 2018"]
[Site "?"]
[Date "2018.12.30"]
[Round "6.4"]
[White "Pokora, Lubomir"]
[Black "Veznik, Mihcael"]
[Result "1/2-1/2"]
[WhiteElo "1895"]
[BlackElo "1801"]
[PlyCount "116"]
[EventDate "2018.??.??"]

1. e4 e6 2. Qe2 d6 3. Nf3 g6 4. c3 Bg7 5. d4 Ne7 6. Bf4 O-O 7. Na3 b6 8. Qd2
Bb7 9. Bd3 Nd7 10. Bh6 f5 11. Bxg7 Kxg7 12. Ng5 Rf6 13. Bc4 Qg8 14. exf5 Nxf5
15. f3 d5 16. Be2 h6 17. Nh3 e5 18. Nc2 c5 19. dxe5 Nxe5 20. O-O-O d4 21. Kb1
d3 22. Bxd3 Rd6 23. Qe2 Nxd3 24. Rxd3 Re8 25. Qd2 Red8 26. Rxd6 Rxd6 27. Qf4
Qd5 28. Re1 Rd7 29. b3 b5 30. Qe5+ Qxe5 31. Rxe5 Bd5 32. Nf4 Bf7 33. Rxc5 a6
34. Kc1 Nh4 35. Rc6 g5 36. Ne2 Bd5 37. Rxa6 Nxg2 38. Ncd4 Ne1 39. Nf5+ Kf8 40.
Rxh6 Nxf3 41. Rh8+ Kf7 42. Ned4 Nxd4 43. Nxd4 Kg6 44. Rf8 b4 45. cxb4 Be4 46.
Ne6 Rd5 47. h4 gxh4 48. Nf4+ Kg7 49. Nxd5 Kxf8 50. Nf4 Ke7 51. Kd2 Kf6 52. b5
Ke5 53. Ke3 Bf5 54. a4 h3 55. Nxh3 Bxh3 56. Kd3 Kd5 57. Kc3 Kc5 58. b4+ Kb6
1/2-1/2

[Event "Olexuv memorial 2018"]
[Site "?"]
[Date "2018.12.30"]
[Round "6.5"]
[White "Marsa, Alexandr"]
[Black "Wunsch, Radek"]
[Result "1/2-1/2"]
[WhiteElo "1879"]
[BlackElo "1818"]
[PlyCount "93"]
[EventDate "2018.??.??"]

1. d4 Nf6 2. c4 c5 3. d5 e5 4. Nc3 d6 5. e4 Be7 6. Bd3 Nbd7 7. Nf3 Nf8 8. h3
Ng6 9. Be3 O-O 10. Qd2 Bd7 11. g4 a6 12. Nh2 b5 13. a4 bxc4 14. Bxc4 Re8 15.
O-O Qb6 16. Rfb1 Qb4 17. Qe2 Qa5 18. g5 Nxe4 19. Nxe4 Bxh3 20. Qf3 Bd7 21. Nf1
Nh4 22. Qh1 Nf5 23. Nfg3 Nxe3 24. fxe3 Qd8 25. Bd3 Bxg5 26. Nxd6 Bxe3+ 27. Kg2
Qf6 28. Qxh7+ Kf8 29. Nde4 Qh6 30. Qxh6 gxh6 31. Rf1 Reb8 32. Rab1 Bxa4 33. Nd6
Bf4 34. Be4 Rb3 35. Nh5 Rd8 36. Nxf4 Rxd6 37. Ne6+ Ke8 38. Nxc5 Rb4 39. Nxa4
Rxe4 40. Nc3 Rg6+ 41. Kf3 Rf4+ 42. Ke3 Rg3+ 43. Kd2 Rg2+ 44. Ke1 Rb4 45. Rf2
Rg1+ 46. Rf1 Rg2 47. Rf2 1/2-1/2

[Event "Olexuv memorial 2018"]
[Site "?"]
[Date "2018.12.31"]
[Round "6.6"]
[White "Svestka, Jiri"]
[Black "Neduchal, Jiri"]
[Result "1/2-1/2"]
[WhiteElo "1782"]
[BlackElo "1802"]
[PlyCount "35"]
[EventDate "2018.??.??"]

1. c4 Nf6 2. Nf3 g6 3. g3 Bg7 4. Bg2 O-O 5. b3 c5 6. Bb2 Nc6 7. O-O d6 8. d4
cxd4 9. Nxd4 Nxd4 10. Bxd4 Qc7 11. Nc3 Bd7 12. Rc1 Bc6 13. Nd5 Bxd5 14. cxd5
Qd7 15. e4 Rfc8 16. Qe2 a6 17. Qb2 Rxc1 18. Rxc1 1/2-1/2

[Event "Olexuv memorial 2018"]
[Site "?"]
[Date "2018.12.30"]
[Round "6.8"]
[White "Strublik, Martin"]
[Black "Hrdlicka, Vladan"]
[Result "0-1"]
[WhiteElo "1468"]
[BlackElo "1765"]
[PlyCount "102"]
[EventDate "2018.??.??"]

1. e4 c6 2. d4 d5 3. Nc3 dxe4 4. Nxe4 Bf5 5. Ng3 Bg6 6. h4 h6 7. Nf3 Nd7 8. h5
Bh7 9. Bd3 Bxd3 10. Qxd3 Ngf6 11. Bd2 e6 12. c4 Qc7 13. Ne4 Nxe4 14. Qxe4 Nf6
15. Qe2 Bd6 16. g3 O-O-O 17. O-O-O Rhe8 18. Bc3 Ng4 19. Ne5 Nf6 20. f4 Kb8 21.
Kb1 Ng8 22. Qf3 f6 23. Ng6 Ne7 24. Nxe7 Qxe7 25. Rhe1 Bb4 26. d5 Bxc3 27. Qxc3
cxd5 28. cxd5 e5 29. fxe5 fxe5 30. Re4 Qc7 31. Qd3 Qd6 32. g4 Rf8 33. Qe2 Rde8
34. a3 Re7 35. Qe3 Rf4 36. Qe2 Rxe4 37. Qxe4 Rf7 38. Re1 Kc7 39. Qc4+ Kd8 40.
Qe4 Rf4 41. Qxe5 Qxe5 42. Rxe5 Rxg4 43. Kc2 Rg5 44. Rxg5 hxg5 45. Kd3 Ke7 46.
Ke4 g4 47. Kf4 Kd6 48. Kxg4 Kxd5 49. Kf5 Kc4 50. Kg6 Kb3 51. Kxg7 Kxb2 0-1

[Event "Olexuv memorial 2018"]
[Site "?"]
[Date "2018.12.30"]
[Round "6.10"]
[White "Netopil, Martin"]
[Black "Vavrousek, Petr"]
[Result "1-0"]
[WhiteElo "1634"]
[BlackElo "1676"]
[PlyCount "131"]
[EventDate "2018.??.??"]

1. c4 c6 2. Nc3 Nf6 3. g3 d5 4. cxd5 cxd5 5. d4 Nc6 6. Bg2 e6 7. a3 Be7 8. Nf3
O-O 9. O-O Na5 10. Nd2 Bd7 11. b4 Nc6 12. Nb3 a5 13. b5 Na7 14. a4 Nc8 15. Ba3
Bxa3 16. Rxa3 b6 17. e4 dxe4 18. Nxe4 Nxe4 19. Bxe4 Ra7 20. Qh5 g6 21. Qe5 Rc7
22. Rc1 Rxc1+ 23. Nxc1 Qe7 24. Rb3 Nd6 25. Bd3 Rc8 26. Ne2 f6 27. Qe3 Nc4 28.
Bxc4 Rxc4 29. Nc3 Kg7 30. Qd3 Rb4 31. Rxb4 Qxb4 32. Kf1 Bc8 33. Qe3 Qc4+ 34.
Ke1 Bb7 35. Kd2 Bg2 36. Qd3 Qb3 37. Qc2 Qb4 38. Ke3 Qc4 39. Qd3 Qb4 40. d5 Qc5+
41. Qd4 Qd6 42. dxe6 Qxe6+ 43. Kd2 Kf7 44. Qe3 Qxe3+ 45. Kxe3 Ke6 46. Kd4 Kd6
47. Ne4+ Bxe4 48. Kxe4 Kc5 49. f4 Kb4 50. Kd5 Kxa4 51. Kc6 Kb4 52. Kxb6 a4 53.
Kc6 a3 54. b6 a2 55. b7 Kc3 56. b8=Q a1=Q 57. Qd6 Qa4+ 58. Kc7 Qd4 59. Qxd4+
Kxd4 60. Kd6 Ke4 61. Ke6 f5 62. Kf6 Kf3 63. Kg7 Kg2 64. Kxh7 Kxh2 65. Kxg6 Kxg3
66. Kxf5 1-0

[Event "Olexuv memorial 2018"]
[Site "?"]
[Date "2018.12.30"]
[Round "6.11"]
[White "Zikan, Karel"]
[Black "Skalnik, Josef"]
[Result "1-0"]
[WhiteElo "1718"]
[BlackElo "1597"]
[PlyCount "141"]
[EventDate "2018.??.??"]
[SourceDate "2018.12.31"]

1. Nf3 Nf6 2. d4 d5 3. c4 c6 4. cxd5 Nxd5 5. e4 Nf6 6. Nc3 e6 7. Be2 Be7 8. O-O
O-O 9. Be3 b6 10. Rc1 Bb7 11. Qa4 Nbd7 12. Rfd1 a6 13. h3 b5 14. Qc2 Rc8 15. a3
Re8 16. b4 Nf8 17. Ne5 h6 18. Ng4 Ng6 19. Nxf6+ Bxf6 20. e5 Bg5 21. Ne4 Be7 22.
Nc5 Bxc5 23. Qxc5 Qe7 24. Bf3 Red8 25. g3 Qxc5 26. Rxc5 Ne7 27. Rdc1 Nd5 28.
Bxd5 cxd5 29. Rc7 Rxc7 30. Rxc7 Rb8 31. f4 h5 32. g4 hxg4 33. hxg4 g6 34. Kf2
Kf8 35. Kg3 Bc8 36. Kh4 Ke8 37. Kg5 Bd7 38. Kf6 Rc8 39. Ra7 Rc6 40. Ra8+ Bc8
41. Ra7 Bd7 42. Bf2 Rc8 43. Rxa6 Rb8 44. Ra7 Rc8 45. Bh4 Rb8 46. Rc7 Ra8 47.
Rc3 Rc8 48. Rd3 Rc4 49. Bg5 Bc8 50. Rh3 Rxd4 51. Rh8+ Kd7 52. Kxf7 Rc4 53. Kxg6
d4 54. Kf7 d3 55. Rd8+ Kc7 56. Rxd3 Bb7 57. Bd8+ Kc8 58. Bg5 Bd5 59. Bh6 Rc7+
60. Kf6 Rh7 61. g5 Be4 62. Rd4 Bf5 63. Rd2 Ra7 64. g6 Rxa3 65. g7 Rg3 66. Bg5
Bh7 67. Kxe6 Bg8+ 68. Kf5 Kc7 69. Kf6 Rc3 70. e6 Rc6 71. f5 1-0

[Event "Olexuv memorial 2018"]
[Site "?"]
[Date "2018.12.30"]
[Round "6.12"]
[White "Nisztuk, Michal"]
[Black "Hala, Pavel"]
[Result "1-0"]
[WhiteElo "1600"]
[BlackElo "1573"]
[PlyCount "108"]
[EventDate "2018.??.??"]

1. e4 d6 2. d4 Nd7 3. Nf3 c6 4. c4 g6 5. Nc3 Bg7 6. Be2 e5 7. d5 c5 8. O-O Ne7
9. Bg5 f6 10. Be3 Nb6 11. a4 Bd7 12. a5 Nbc8 13. Qd2 g5 14. h4 h6 15. h5 a6 16.
Nh2 f5 17. exf5 Bxf5 18. Bd3 O-O 19. Ne4 Qd7 20. b4 Bxe4 21. Bxe4 cxb4 22. Qxb4
Rb8 23. Rab1 Nf5 24. c5 Nce7 25. cxd6 Nxd6 26. Bc5 Nec8 27. Bd3 Rf4 28. Qb3 Qa4
29. Bb4 Qe8 30. Be2 Qd8 31. Bd2 Rf8 32. Bxa6 b5 33. Qh3 Ne7 34. Bb4 Nef5 35.
Rfc1 Nd4 36. Bc5 Ne2+ 37. Kf1 Nf4 38. Qa3 Nc4 39. Rxc4 bxc4 40. Rxb8 Qxb8 41.
Bb6 Kh8 42. Bxc4 Qb7 43. Qf3 Qf7 44. Qe4 Qxh5 45. Kg1 Qd1+ 46. Nf1 g4 47. a6 h5
48. a7 Qa1 49. d6 h4 50. d7 g3 51. Bc5 gxf2+ 52. Bxf2 Nh5 53. Qxh4 Qd1 54. Bf7
Rxf7 1-0

[Event "Olexuv memorial 2018"]
[Site "HM Lokomotivy Brno"]
[Date "2018.12.30"]
[Round "7.2"]
[White "Pokora, Lubomir"]
[Black "Pribyl, Rene"]
[Result "1/2-1/2"]
[WhiteElo "1895"]
[BlackElo "1986"]
[PlyCount "38"]
[EventDate "2018.12.26"]

1. e4 e5 2. Nf3 Nf6 3. Nxe5 d6 4. Nf3 Nxe4 5. Nc3 Nxc3 6. dxc3 Be7 7. Be3 O-O
8. Qd2 Bg4 9. Be2 Nd7 10. h3 Bh5 11. O-O-O c6 12. g4 Bg6 13. Kb1 Nf6 14. Qe1 b5
15. Ne5 Qc7 16. Nxg6 hxg6 17. f3 d5 18. Qf2 a5 19. h4 b4 1/2-1/2

[Event "Olexuv memorial 2018"]
[Site "HM Lokomotivy Brno"]
[Date "2018.12.30"]
[Round "7.4"]
[White "Veznik, Michael"]
[Black "Marsa, Alexandr"]
[Result "1-0"]
[WhiteElo "1801"]
[BlackElo "1879"]
[PlyCount "43"]
[EventDate "2018.12.26"]

1. e4 e6 2. d4 d5 3. e5 c5 4. c3 Nc6 5. a3 Qb6 6. Nf3 Nh6 7. Be2 cxd4 8. O-O
dxc3 9. Nxc3 Ng4 10. Qa4 h5 11. h3 Nh6 12. b4 Bd7 13. b5 Na5 14. Be3 Qc7 15.
Rfc1 Nc4 16. Ne4 Rc8 17. Ned2 Bc5 18. Bxc5 Qxc5 19. Bxc4 dxc4 20. Rxc4 Qb6 21.
Rxc8+ Bxc8 22. Nc4 1-0

[Event "Olexuv memorial 2018"]
[Site "HM Lokomotivy Brno"]
[Date "2018.12.30"]
[Round "7.5"]
[White "Wunsch, Radek"]
[Black "Strublik, Martin"]
[Result "1/2-1/2"]
[WhiteElo "1818"]
[BlackElo "1468"]
[PlyCount "98"]
[EventDate "2018.12.26"]

1. e4 c5 2. Nf3 e6 3. c3 Nf6 4. e5 Nd5 5. d4 cxd4 6. cxd4 d6 7. Bc4 Nb6 8. Bb3
Nc6 9. Qe2 d5 10. O-O Be7 11. Nc3 a6 12. a3 Bd7 13. Bc2 Rc8 14. Re1 Na5 15. Nd2
Nbc4 16. Qg4 g6 17. Qh3 Qb6 18. Nf3 h5 19. b4 Nc6 20. Na4 Qa7 21. Nc5 b6 22.
Nd3 Qc7 23. Nf4 Na7 24. Bxg6 fxg6 25. Nxg6 Rh7 26. Nxe7 Kxe7 27. Ng5 Rg7 28.
Qh4 Be8 29. Nxe6+ Kxe6 30. Qf6+ Kd7 31. Qxg7+ Kc6 32. Qxc7+ Rxc7 33. Rd1 Bg6
34. Ra2 Nb5 35. Re1 Rg7 36. a4 Nc3 37. Ra1 Be4 38. g3 h4 39. Bf4 hxg3 40. fxg3
b5 41. a5 Kd7 42. Kf2 Ke6 43. Rg1 Bf5 44. h4 Ne4+ 45. Kf3 Bg4+ 46. Kg2 Bh5 47.
Raf1 Be2 48. Re1 Bh5 49. Rgf1 Bg4 1/2-1/2

[Event "Olexuv memorial 2018"]
[Site "HM Lokomotivy Brno"]
[Date "2018.12.30"]
[Round "7.6"]
[White "Snorek, Milan"]
[Black "Kolek, Josef"]
[Result "1-0"]
[WhiteElo "1980"]
[BlackElo "1778"]
[PlyCount "91"]
[EventDate "2018.12.26"]

1. d4 d6 2. Nf3 g6 3. c4 Bg7 4. g3 Nf6 5. Bg2 Nc6 6. Nc3 O-O 7. O-O Bg4 8. Be3
a6 9. h3 Bxf3 10. Bxf3 Rb8 11. Qd3 Nd7 12. Rad1 e5 13. Bxc6 bxc6 14. b3 exd4
15. Bxd4 Ne5 16. Qd2 c5 17. Be3 Nc6 18. Bg5 Qd7 19. Kg2 Rfe8 20. Nd5 Re6 21.
Rfe1 Rbe8 22. Nf4 Re4 23. Nd5 Rd4 24. Qc1 Re6 25. Be3 Rxd1 26. Qxd1 Bd4 27. Bc1
Ne7 28. e3 Bg7 29. Nf4 Rf6 30. Qd2 Qc6+ 31. Kg1 Qf3 32. Bb2 Rf5 33. Bxg7 Kxg7
34. e4 Rxf4 35. Qxf4 Qc3 36. Qe3 Qb2 37. Qe2 Qc3 38. e5 Nf5 39. Kg2 h5 40. e6
fxe6 41. Qxe6 Qb4 42. g4 Qb7+ 43. Qd5 Qb4 44. Qe4 hxg4 45. hxg4 Nh4+ 46. Kg3
1-0

[Event "Olexuv memorial 2018"]
[Site "HM Lokomotivy Brno"]
[Date "2018.12.30"]
[Round "7.7"]
[White "Spody, Josef"]
[Black "Divis, Jan"]
[Result "1-0"]
[WhiteElo "1863"]
[BlackElo "1538"]
[PlyCount "75"]
[EventDate "2018.12.26"]

1. d4 Nf6 2. Nf3 d5 3. e3 c6 4. Bd3 Bg4 5. Nbd2 Nbd7 6. h3 Bh5 7. O-O Bg6 8.
Ne5 Nxe5 9. dxe5 Bxd3 10. cxd3 Ng8 11. Nf3 e6 12. Bd2 Be7 13. b4 a6 14. Bc3 h5
15. Nd4 g6 16. Nb3 Nh6 17. a3 Nf5 18. Bd4 Nxd4 19. Nxd4 Qd7 20. Nb3 Qc7 21. d4
Rc8 22. Qd2 g5 23. Qe2 Kd7 24. g3 f5 25. exf6 Bxf6 26. e4 Rce8 27. Rac1 Kd8 28.
Rfd1 Qg7 29. e5 Be7 30. Na5 Bf8 31. Nxc6+ bxc6 32. Qxa6 Qc7 33. Rxc6 Qb8 34.
Rdc1 Bxb4 35. Rc8+ Qxc8 36. Rxc8+ Ke7 37. Rxe8+ Rxe8 38. axb4 1-0

[Event "Olexuv memorial 2018"]
[Site "HM Lokomotivy Brno"]
[Date "2018.12.30"]
[Round "7.8"]
[White "Neduchal, Jiri"]
[Black "Netopil, Martin"]
[Result "1-0"]
[WhiteElo "1802"]
[BlackElo "1634"]
[PlyCount "49"]
[EventDate "2018.12.26"]

1. d4 Nf6 2. Nf3 g6 3. Nbd2 d5 4. e3 Bg7 5. Bd3 O-O 6. O-O Bg4 7. h3 Bd7 8. c3
Qc8 9. Ne5 Bxh3 10. gxh3 Qxh3 11. Qf3 Qxf3 12. Nexf3 Nbd7 13. e4 dxe4 14. Nxe4
Nxe4 15. Bxe4 c6 16. Bd2 f5 17. Bc2 e5 18. Bb3+ Kh8 19. dxe5 Nxe5 20. Nxe5 Bxe5
21. Bh6 Rfe8 22. Rad1 Rad8 23. Bg5 Rd6 24. Rxd6 Bxd6 25. Bf6# 1-0

[Event "Olexuv memorial 2018"]
[Site "HM Lokomotivy Brno"]
[Date "2018.12.30"]
[Round "7.9"]
[White "Hrdlicka, Vladan"]
[Black "Zikan, Karel"]
[Result "1/2-1/2"]
[WhiteElo "1765"]
[BlackElo "1718"]
[PlyCount "77"]
[EventDate "2018.12.26"]

1. e4 c6 2. d4 d5 3. e5 Bf5 4. Nf3 e6 5. Be2 c5 6. a3 Nc6 7. dxc5 Bxc5 8. b4
Bb6 9. O-O Nge7 10. Nc3 O-O 11. Na4 Bc7 12. Bb2 Ng6 13. Nc5 b6 14. Nb7 Qb8 15.
Nd6 Bxd6 16. exd6 Qxd6 17. c4 Rfd8 18. b5 Nce7 19. Qd4 f6 20. cxd5 e5 21. Qa4
Nxd5 22. Rfd1 Be6 23. Rac1 Nge7 24. Nd2 Qd7 25. Bf3 Rac8 26. Rxc8 Rxc8 27. Nc4
Rc5 28. Be2 Rc7 29. Qb3 Rc5 30. a4 Qb7 31. Ba3 Rc7 32. Bf3 Nf5 33. Qd3 Nd4 34.
Be4 f5 35. Bxd5 Qxd5 36. Nxe5 Qxe5 37. Qxd4 Rd7 38. Bd6 Qxd4 39. Rxd4 1/2-1/2

[Event "Olexuv memorial 2018"]
[Site "HM Lokomotivy Brno"]
[Date "2018.12.30"]
[Round "7.10"]
[White "Doskar, Miloslav"]
[Black "Nisztuk, Michal"]
[Result "0-1"]
[WhiteElo "1615"]
[BlackElo "1600"]
[PlyCount "46"]
[EventDate "2018.12.26"]

1. d4 d5 2. Nf3 c5 3. e3 Nf6 4. Nbd2 Nc6 5. Be2 Bf5 6. c3 cxd4 7. exd4 Qc7 8.
Nf1 e5 9. dxe5 Nxe5 10. Ng3 Bd7 11. O-O Bd6 12. Bg5 Bc6 13. Nd4 Ne4 14. Nxe4
dxe4 15. Nxc6 bxc6 16. h3 O-O 17. Qc2 f5 18. Be3 f4 19. Bd4 f3 20. gxf3 exf3
21. Bd3 Nxd3 22. Qxd3 Qd7 23. Qc4+ Rf7 0-1

[Event "Olexuv memorial 2018"]
[Site "HM Lokomotivy Brno"]
[Date "2018.12.30"]
[Round "7.12"]
[White "Hala, Pavel"]
[Black "Vavrousek, Petr"]
[Result "0-1"]
[WhiteElo "1573"]
[BlackElo "1676"]
[PlyCount "34"]
[EventDate "2018.12.26"]

1. c4 c6 2. d3 e5 3. e4 Nf6 4. Nf3 h6 5. Be2 d5 6. Qc2 Bd6 7. O-O Na6 8. a3 O-O
9. b4 Bg4 10. h3 Bh5 11. c5 Bb8 12. Bb2 Qe7 13. Nh2 Nc7 14. Nc3 Bg6 15. f3 Nh5
16. Bc1 a5 17. Na2 axb4 0-1